Автобиографическая записка графа Н.П. Шереметева о службе с 30 ноября 1788 года и воспоминания его о болезни и смерти жены "Допо...

Доступно только в Электронных читальных залах Найти на картеНа карте
RUSMARC
00003808nmc2a22002413x 450
001d45318c3-e462-44d6-8755-cf2ffdc56c39
00520230906182316.0
100##$a20230207l18031917k l0rusy0189 ca
1010#$arus
102##$aRU
105##$ay###
1222#$ad
2001#$aАвтобиографическая записка графа Н.П. Шереметева о службе с 30 ноября 1788 года и воспоминания его о болезни и смерти жены "Дополнение к подписи, на образе значащейся"
$jпосле 1803 г.
215##$a9 л.
$d36,5х26 см
251##$cДело
300##$aГраф Николай Петрович Шереметев. Личные документы Н.П. Шереметева; материалы о Прасковье Ивановне Шереметевой, рожденной Ковалев(ск)ой (Жемчуговой)
371##$aДокумент не является опубликованным и широко распространяемым
461#0$100198b93a77-94f0-46bb-a7e0-b5027cc72a67
$12001
$aШереметевы, графы
$1251
$cФонд
$1852
$j1088
462#0$1001d3ce280e-361b-49f4-86d2-e1a120f828b4
$12001
$aЛичные документы, переписка и документы, связанные со служебной и общественной деятельностью графов Бориса Петровича, Петра Борисовича, Николая Петровича и Дмитрия Шереметевых
$1251
$cОпись
$1852
$j1
801#0$aRU
$bРГИА
$c20230207
$gRCR
801#1$aRU
$bГлавНИВЦ
$c20230207
$2rusmarc
801#2$aRU
$bПБ им. Б.Н. Ельцина
$c20230906
$gRCR
$2rusmarc
850##$aРГИА
852##$aРГИА
$eФедеральное казенное учреждение "Российский государственный исторический архив" (РГИА)
$j68
937##$hРГИА
$d12391155
$aASBIBLIO_SCAN
035##$aRusGRCC00059974
856##$uhttp://readingroom.main.prlib.ru/item.aspx?id_node=n187409146&mode=full
Формат отображения